Open Data Biblioteca Nacional de Portugal


República Portuguesa: Ministério da Cultura
Biblioteca Nacional de Portugal

Catálogo da BNP: acesso por Identificadores Unívocos
Registos Bibliográficos associados ao registo de autoridade

Etiqueta de registo: 00269ncm 2200145 450
001 1903539
003 http://id.bnportugal.gov.pt/bib/catbnp/1903539
100 ## $a20150615f19 k y0pory01030103ba
101 0# $apor
102 ## $aPT
200 1# $a A passagem do Regimento$bMúsica impressa]$emarcha militar para piano$fpor R. Coverley
210 #9 $aLisboa$cNeuparth & C.ª,$d[19--]
215 ## $aPartitura (4 p.)$d36 cm
307 ## $aCapa ilustrada com motivos militares
316 ## $aExemplar truncado$5PTBN: M.P. 4738 A.
317 ## $aProv.: Palácio do Correio-Velho$5PTBN: M.P. 4738 A.
500 10 $a A passagem do Regimento,$rpf
606 ## $aMarchas militares$j[Música impressa]$2SIPOR$31578175
606 ## $aMúsica para piano$zSéc. 19-20$j[Música impressa]$2SIPOR$31313660
675 ## $a78.084$vBN$zpor$3519129
675 ## $a786.2$vBN$zpor$3295835
675 ## $a78.089.6$vBN$zpor$3536969
700 #1 $aCoverley,$bRoberto$31611910
712 02 $aNeuparth$c(Editor de música)$4650$384777
801 #0 $aPT$bBN$gRPC
966 ## $lBN$mMUSICA$pLeilão do Palácio do Correio-Velho, 5/8/2008, lote 638$sM.P. 4738 A.$x2
997 ## $aBIBEOD

Etiqueta de registo: 00269ncm 2200145 450
001 1903545
003 http://id.bnportugal.gov.pt/bib/catbnp/1903545
100 ## $a20150615f19 k y0pory01030103ba
101 0# $apor
102 ## $aPT
200 1# $a A passagem do regimento$bMúsica impressa]$d The passing Regiment$epara piano$fpor Roberto Coverley
210 #9 $aPorto$cCastanheira & C.ª,$d[19--]
215 ## $aPartitura (5 p.)$d33 cm
307 ## $aCapa ilustrada com motivos militares
317 ## $aProv.: Palácio do Correio-Velho$5PTBN: M.P. 4742 A.
500 10 $a A passagem do Regimento,$rpf
606 ## $aMarchas militares$j[Música impressa]$2SIPOR$31578175
606 ## $aMúsica para piano$zSéc. 19-20$j[Música impressa]$2SIPOR$31313660
675 ## $a78.084$vBN$zpor$3519129
675 ## $a786.2$vBN$zpor$3295835
675 ## $a78.089.6$vBN$zpor$3536969
700 #1 $aCoverley,$bRoberto$31611910
801 #0 $aPT$bBN$gRPC
966 ## $lBN$mMUSICA$pLeilão do Palácio do Correio-Velho, 5/8/2008, lote 638$sM.P. 4742 A.$x2
997 ## $aBIBEOD

Etiqueta de registo: 00269ncm 2200145 450
001 1903987
003 http://id.bnportugal.gov.pt/bib/catbnp/1903987
100 ## $a20150622f19 k y0pory01030103ba
101 0# $afre
102 ## $aPT
200 1# $a Le régiment qui passe$bMúsica impressa]$d The passing regiment$emarche militaire$fR. Coverly
205 ## $a2.ª ed
210 #9 $aPorto$cEduardo da Fonseca,$d[19--]
215 ## $aPartitura (5 p.)$d34 cm
300 ## $aCapa ilustrada com motivos militares
301 ## $aN.º de chapa: E.F. 76
317 ## $aProv.: Palácio do Correio-Velho$5PTBN: M.P. 4765 A.
500 10 $a Le régiment qui passe,$rpf
606 ## $aMarchas militares$j[Música impressa]$2SIPOR$31578175
606 ## $aMúsica para piano$zSéc. 19$j[Música impressa]$2SIPOR$31051965
675 ## $a78.084$vBN$zpor$3519129
675 ## $a786.2$vBN$zpor$3295835
675 ## $a78.089.6$vBN$zpor$3536969
700 #1 $aCoverley,$bRoberto$31611910
801 #0 $aPT$bBN$gRPC
966 ## $lBN$mMUSICA$pLeilão do Palácio do Correio-Velho, 5/8/2008, lote 638$sM.P. 4765 A.$x2
997 ## $aBIBEOD

Etiqueta de registo: 00000ndm 2200025
001 2181332
003 http://id.bnportugal.gov.pt/bib/catbnp/2181332
100 ## $a20240902f19101950k y0pory01030103ba
101 0# $apor
102 ## $aPT
106 ## $ah
200 1# $aThe passing regiment$bMúsica manuscrita]$fRobert Coverley
210 #1 $d[Entre 1910 e 1950]
215 ## $a6 partes$d29 x 23 cm
317 ## $aViolaria de J. M. Silva (carimbo)
317 ## $aConservatório Nacional
500 11 $aMarchas, $r2vl, vla, vlc, cb, pf,$uRé maior
675 ## $a78.089.6$vBN$zpor$3536969
700 #1 $aCoverley,$bRoberto$31611910
712 01 $aPortugal.$bConservatório Nacional.$bEscola de Música$4390$31172174
801 #0 $aPT$bBN$gRPC
966 ## $lBN$mMUSICA$sC.N. 1861
971 ## $cCatmusica3$d20240902
972 ## $e0$z0$d20240904$vigoncalves

Etiqueta de registo: 00000ndm 2200025
001 2245143
003 http://id.bnportugal.gov.pt/bib/catbnp/2245143
100 ## $a20260112d1917 k y0pory01030103ba
101 0# $apor
102 ## $aPT
106 ## $ah
200 1# $aPassagem do Regimento$bMúsica manuscrita]$fCoverley$gManoel Jorge de Paiva
210 #1 $aPorto,$d15/11/1917
215 ## $a6 partes$d30 x 23 cm
304 ## $aNo manuscrito estão registadas várias datas, "15/11/917" nas partes para violoncelo e contrabaixo, "19/11/917" na parte para primeiro violino, "21/11/917" na parte para segundo violino", "22/11/917" na parte para piano e "11/917" na parte para viola
317 ## $aArchivo para Sextetto de Manoel Jorge de Paiva Porto (carimbo)
317 ## $aIPPC, Departamento de Musicologia, Fundo Pavia de Magalhães
500 11 $aMarchas,$r2vl, vla, vlc, cb, pf
540 1# $aThe passing regiment
675 ## $a78.089.6$vBN$zpor$3536969
700 #1 $aCoverley,$bRoberto$31611910
702 #1 $aPaiva$bManuel Jorge de$ffl. 1910$4390$31976811
712 01 $aPortugal.$bInstituto Português do Património Cultural.$bDepartamento de Musicologia$4390$3285717
801 #0 $aPT$bBN$gRPC
966 ## $lBN$mMUSICA$sPM 2021$x7
971 ## $cCatmusica10$d20260112
995 ## $aPRR2026 $d20260112$iCatmusica10

Etiqueta de registo: 00000ndm 2200025
001 2248790
003 http://id.bnportugal.gov.pt/bib/catbnp/2248790
100 ## $a20260116f18901928k y0pory01030103ba
101 0# $apor
102 ## $aPT
106 ## $ah
200 1# $a A Passagem do Regimento$bMúsica manuscrita]$eMarcha$fpor R. Coverlay
210 #1 $d[Entre 1890 e 1923]
215 ## $a6 partes$d36 x 28 cm
300 ## $aN.º 50 | A parte para piano apresenta uma maior dimensão.
304 ## $aProvável arranjo de Filippe Duarte.
317 ## $aIPPC, Departamento de Musicologia, Espólio de Filipe Duarte
500 11 $aMarchas,$r2vl, vla, vlc, cb, pf
675 ## $a78.089.6$vBN$zpor$3536969
700 #1 $aCoverley,$bRoberto$31611910
712 01 $aPortugal.$bInstituto Português do Património Cultural.$bDepartamento de Musicologia$4390$3285717
801 #0 $aPT$bBN$gRPC
966 ## $lBN$mMUSICA$sEMUS10 45$x7
971 ## $cCatmusica12$d20260116
995 ## $aPRR2026 $d20260116$iCatmusica12

Etiqueta de registo: 00000ndm 2200025
001 2270504
003 http://id.bnportugal.gov.pt/bib/catbnp/2270504
100 ## $a20260223f19001930k y0pory01030103ba
101 0# $aeng$apor
102 ## $aPT
106 ## $ah
200 1# $a The passing of regiment$bMúsica manuscrita]$eamerican march$ep.ª Bandolim$fby R. Coverley
210 #1 $d[Entre 1900 e 1930]
215 ## $a1 parte$d30 x 23 cm
300 ## $aExemplar impresso do original em PTBN: M.P. 4738 A.
317 ## $aEspólio de Alfredo Mântua
330 ## $aArranjo para bandolim da marcha para piano "The passing of regiment" de R. Coverley
500 11 $aMarchas,$rbandolim ;$warr.
675 ## $a78.089.6$vBN$zpor$3536969
700 #1 $aCoverley,$bRoberto$31611910
801 #0 $aPT$bBN$gRPC
966 ## $lBN$mMUSICA$sEMUS16 1485$x7
971 ## $cCatmusica6$d20260223
995 ## $aPRR2026 $d20260223$iCatmusica6

Etiqueta de registo: 00000ndm 2200025
001 2277539
003 http://id.bnportugal.gov.pt/bib/catbnp/2277539
100 ## $a20260306d1907 k y0pory01030103ba
101 0# $apor
102 ## $aPT
106 ## $ah
200 1# $a A Passagem do Regimento$bMúsica manuscrita]$eMarcha Militar$fCoverley$gInstrumentou J. J. d'Almeida
210 #1 $aLisboa,$d28 de Fevereiro de 1907
215 ## $a1 partitura (13 p.)$d22 x 30 cm
317 ## $aOrchestra Celorico da Beira
317 ## $aEspólio do Maestro Silva Pereira
500 11 $aMarchas,$rorq
675 ## $a78.089.6$vBN$zpor$3536969
700 #1 $aCoverley,$bRoberto$31611910
702 #1 $aAlmeida,$bJoaquim José d',$f1864-dps. 1926$4030$31982719
801 #0 $aPT$bBN$gRPC
966 ## $lBN$mMUSICA$sEMUS18 578$x7
971 ## $cCatmusica3$d20260306
995 ## $aPRR2026

Etiqueta de registo: 00000ndm 2200025
001 2277847
003 http://id.bnportugal.gov.pt/bib/catbnp/2277847
100 ## $a20260307f18901940k y0pory01030103ba
101 0# $apor
102 ## $aPT
106 ## $ah
200 1# $a A passagem do regimento$bMúsica manuscrita]$eMarcha Militar$fpor Coverley
210 #1 $d[Entre 1890 e 1940]
215 ## $a18 partes$d24 x 31 cm
300 ## $a"Orchestra de Celorico da Beira" na folha de rosto
317 ## $aAnthero A. da Silva Pereira Escrivão de Direito Ceia (carimbo)
317 ## $aEspólio do Maestro Silva Pereira
500 11 $aMarcha,$rorq
675 ## $a78.089.6$vBN$zpor$3536969
700 #1 $aCoverley,$bRoberto$31611910
801 #0 $aPT$bBN$gRPC
966 ## $lBN$mMUSICA$sEMUS18 614$x7
971 ## $cCatmusica1$d20260307
995 ## $aPRR2026

Etiqueta de registo: 00000ndm 2200025
001 2278072
003 http://id.bnportugal.gov.pt/bib/catbnp/2278072
100 ## $a20260309f19301960k y0pory01030103ba
101 0# $apor
102 ## $aPT
106 ## $ah
200 1# $aAhi vem a Tuna!$bMúsica manuscrita]$ePasso Doble$fpor P.e Anthero da Silva Pereira.$cPassagem do Reg.to
210 #1 $d[Entre 1930 e 1960]
215 ## $a1 parte$d21 x 30 cm
304 ## $aA informação referente à autoria da obra "Passagem do Reg.to" foi obtida através da comparação com a partitura da mesma obra na cota EMUS18 833
307 ## $aA parte correspondente à música "Ahi vem a Tuna!" é uma parte de regência. Da obra "Passagem do Reg.to" apenas consta a parte para segunda trompa
317 ## $aEspólio do Maestro Silva Pereira
500 11 $aMarchas,$rtuna
500 11 $aPeças,$rbanda
675 ## $a78.089.6$vBN$zpor$3536969
700 #1 $aPereira,$bAntero Augusto da Silva,$f1879-1968$31987445
701 #1 $aCoverley,$bRoberto$4230$31611910
801 #0 $aPT$bBN$gRPC
966 ## $lBN$mMUSICA$sEMUS18 862$x7
971 ## $cCatmusica10$d20260309
995 ## $aPRR2026

Etiqueta de registo: 00000ndm 2200025
001 2277948
003 http://id.bnportugal.gov.pt/bib/catbnp/2277948
100 ## $a20260309f18901910k y0pory01030103ba
101 0# $apor
102 ## $aPT
106 ## $ah
200 1# $aOf the Passing Regiment$bMúsica manuscrita]$fpar R. Coverley
210 #1 $d[Entre 1890 e 1910]
215 ## $a1 partitura (9 p.)$d23 x 35 cm
317 ## $aEspólio do Maestro Silva Pereira
500 11 $aMarchas,$rbanda
517 ## $aA Passagem do Regimento
517 ## $aThe passing of regiment
675 ## $a78.089.6$vBN$zpor$3536969
700 #1 $aCoverley,$bRoberto$31611910
702 #1 $aHendricks,$bHoward G.,$f1924-2013$31989835
801 #0 $aPT$bBN$gRPC
966 ## $lBN$mMUSICA$sEMUS18 833$x7
971 ## $cCatmusica12$d20260309
995 ## $aPRR2026

OpendataBNP@bnportugal.pt | Mais informação sobre acesso aos dados BNP